| 000 | 00341nam a2200121Ia 4500 | ||
|---|---|---|---|
| 008 | 190216s9999||||xx |||||||||||||| ||und|| | ||
| 100 | _aMeenakshi Jain | ||
| 245 | 0 | _aMedieval India Xi | |
| 260 |
_bNcert _c2002 |
||
| 300 | _a228 | ||
| 650 | _aIndian History-Modern India-Indian History-Modern India-Indian History-Modern India | ||
| 942 | _cREF | ||
| 999 |
_c36697 _d36697 |
||